Normal view
MARC view
- Pillai , K M
Entry Personal Name
001 - CONTROL NUMBER
- control field: 5913
003 - CONTROL NUMBER IDENTIFIER
- control field: OSt
005 - DATE AND TIME OF LATEST TRANSACTION
- control field: 20240213145940.0
008 - FIXED-LENGTH DATA ELEMENTS
- fixed length control field: 240213|| aca||aabn | a|a d
040 ## - CATALOGING SOURCE
- Original cataloging agency: OSt
- Transcribing agency: OSt
100 ## - HEADING--PERSONAL NAME
- Personal name: Pillai , K M
670 ## - SOURCE DATA FOUND
- Source citation: Work cat.: (OSt)20: Pillai , K M ., Text book of plantation crops / , 1984.
